|
|
|
|
| LEADER |
00000naa0a2200000 4500 |
| 001 |
601990 |
| 005 |
20250224093759.0 |
| 035 |
|
|
|a (RuTPU)RU\TPU\tpu\27267
|
| 090 |
|
|
|a 601990
|
| 100 |
|
|
|a 20150428d2007 k y0rusy50 ca
|
| 101 |
0 |
|
|a rus
|
| 102 |
|
|
|a RU
|
| 200 |
1 |
|
|a Research of One Type of Exotic Options on Extremes in the Diffusion Model of (B; S) - Finance Market
|f S. V. Rozhkova, A. Anikina , N. S. Dyomin
|
| 333 |
|
|
|a В фонде НТБ ТПУ отсутствует
|
| 463 |
|
|
|t Proceedings of the Second International Conference on innovative Computing, Information and Control (ICICIC), Kumamoto, Japan, 5-7 September, 2007
|v P. 1-4
|
| 610 |
1 |
|
|a труды учёных ТПУ
|
| 700 |
|
1 |
|a Rozhkova
|b S. V.
|c mathematician
|c Professor of Tomsk Polytechnic University, Doctor of Physical and Mathematical Sciences
|f 1971-
|g Svetlana Vladimirovna
|3 (RuTPU)RU\TPU\pers\34139
|9 17679
|
| 701 |
|
1 |
|a Anikina
|b A.
|
| 701 |
|
1 |
|a Dyomin
|b N. S.
|
| 712 |
0 |
2 |
|a Национальный исследовательский Томский политехнический университет (ТПУ)
|b Физико-технический институт (ФТИ)
|b Кафедра высшей математики (ВМ)
|3 (RuTPU)RU\TPU\col\18728
|
| 801 |
|
1 |
|a RU
|b 63413507
|c 20150428
|
| 801 |
|
2 |
|a RU
|b 63413507
|c 20150429
|g RCR
|
| 942 |
|
|
|c BK
|